How the World Works / (Record no. 86805)
[ view plain ]
| 000 -LEADER | |
|---|---|
| fixed length control field | 00617nam a22001937a 4500 |
| 005 - DATE AND TIME OF LATEST TRANSACTION | |
| control field | 20150112155314.0 |
| 010 ## - LCCN (DPL NO) | |
| LC control number | BAC-CH25 |
| 020 ## - INTERNATIONAL STANDARD BOOK NUMBER | |
| International Standard Book Number | 9780753437339 |
| Terms of availability | 499.00 |
| 035 ## - SYSTEM CONTROL NUMBER | |
| System control number | B-550497-520 |
| 037 ## - SOURCE OF ACQUISITION | |
| Stock number | dpl |
| Source of stock number/acquisition | AAkar/Ven |
| 082 ## - DEWEY DECIMAL CLASSIFICATION NUMBER | |
| Classification number | 500 |
| 100 ## - MAIN ENTRY--PERSONAL NAME | |
| Personal name | Gifford, Clive |
| 245 ## - TITLE STATEMENT | |
| Title | How the World Works / |
| Statement of responsibility, etc | by Clive Gifford |
| 260 ## - PUBLICATION, DISTRIBUTION, ETC. (IMPRINT) | |
| Place of publication, distribution, etc | London |
| Name of publisher, distributor, etc | Kingfisher |
| Date of publication, distribution, etc | 2013 |
| 270 ## - ADDRESS | |
| Address | 20 New Wharf Road |
| City | London |
| Postal code | Ni9RR |
| 300 ## - PHYSICAL DESCRIPTION | |
| Extent | 160.: |
| Other physical details | col.ill. |
| Dimensions | 27cm(pbk) |
| 942 ## - ADDED ENTRY ELEMENTS (KOHA) | |
| Source of classification or shelving scheme | Dewey Decimal Classification |
| Item type | Children Books |
| Call number suffix | GIF |
| Classification part | 500 |
| Withdrawn status | Lost status | Not for loan | Collection code | Home library | Current library | Date acquired | Source of acquisition | Cost, normal purchase price | Full call number | Barcode | Copy number | Cost, replacement price | Koha item type |
|---|---|---|---|---|---|---|---|---|---|---|---|---|---|
| Non-fiction | Andrews Gunj | Andrews Gunj | 12/01/2015 | Aakar Books/1-642/11.08.2014/141/04.08.2014/03.09.2014 | 499.00 | 500 GIF | B-550508 | 1 | 499.00 | Children Books | |||
| Non-fiction | Bagh Kadhe Khan | Bagh Kadhe Khan | 12/01/2015 | Aakar Books/1-642/11.08.2014/141/04.08.2014/03.09.2014 | 499.00 | 500 GIF | B-550514 | 1 | 499.00 | Children Books | |||
| Non-fiction | Bawana | Bawana | 12/01/2015 | Aakar Books/1-642/11.08.2014/141/04.08.2014/03.09.2014 | 499.00 | 500 GIF | B-550512 | 1 | 499.00 | Children Books | |||
| Non-fiction | Bawana | Bawana | 12/01/2015 | Aakar Books/1-642/11.08.2014/141/04.08.2014/03.09.2014 | 499.00 | 500 GIF | B-550516 | 1 | 499.00 | Children Books | |||
| Non-fiction | Central Jail Tihar | Central Jail Tihar | 12/01/2015 | Aakar Books/1-642/11.08.2014/141/04.08.2014/03.09.2014 | 499.00 | 500 GIF | B-550503 | 1 | 499.00 | Children Books | |||
| Non-fiction | Central Library | Central Library | 12/01/2015 | Aakar Books/1-642/11.08.2014/141/04.08.2014/03.09.2014 | 499.00 | 500 GIF | B-550498 | 1 | 499.00 | Children Books | |||
| Non-fiction | Diz Area | Diz Area | 12/01/2015 | Aakar Books/1-642/11.08.2014/141/04.08.2014/03.09.2014 | 499.00 | 500 GIF | B-550504 | 1 | 499.00 | Children Books | |||
| Withdrawn | Non-fiction | Janak Puri | Janak Puri | 12/01/2015 | Aakar Books/1-642/11.08.2014/141/04.08.2014/03.09.2014 | 499.00 | 500 GIF | B-550505 | 1 | 499.00 | Children Books | ||
| Non-fiction | Janak Puri | Janak Puri | 01/04/2015 | Received from DB Act Children Books | 499.00 | 500 GIF | G-003369 | 1 | 499.00 | Children Books | |||
| Non-fiction | Kasturba Gandhi Marg | Kasturba Gandhi Marg | 12/01/2015 | Aakar Books/1-642/11.08.2014/141/04.08.2014/03.09.2014 | 499.00 | 500 GIF | B-550500 | 1 | 499.00 | Children Books | |||
| Non-fiction | Narela | Narela | 12/01/2015 | Aakar Books/1-642/11.08.2014/141/04.08.2014/03.09.2014 | 499.00 | 500 GIF | B-550515 | 1 | 499.00 | Children Books | |||
| Non-fiction | New Police Line | New Police Line | 12/01/2015 | Aakar Books/1-642/11.08.2014/141/04.08.2014/03.09.2014 | 499.00 | 500 GIF | B-550497 | 1 | 499.00 | Children Books | |||
| Written-off vide DLB M. No. 383 dt 16.05.19 | Non-fiction | New Rohtak Road | New Rohtak Road | 12/01/2015 | Aakar Books/1-642/11.08.2014/141/04.08.2014/03.09.2014 | 499.00 | 500 GIF | B-550513 | 1 | 499.00 | Children Books | ||
| Withdrawn | Non-fiction | Patel Nagar | Patel Nagar | 12/01/2015 | Aakar Books/1-642/11.08.2014/141/04.08.2014/03.09.2014 | 499.00 | 500 GIF | B-550499 | 1 | 499.00 | Children Books | ||
| Non-fiction | Peshwa Road | Peshwa Road | 12/01/2015 | Aakar Books/1-642/11.08.2014/141/04.08.2014/03.09.2014 | 499.00 | 500 GIF | B-550501 | 1 | 499.00 | Children Books | |||
| Non-fiction | R.C.Libraries (zls) | R.C.Libraries (zls) | 12/01/2015 | Aakar Books/1-642/11.08.2014/141/04.08.2014/03.09.2014 | 499.00 | 500 GIF | B-550509 | 1 | 499.00 | Children Books | |||
| Non-fiction | R.C.Libraries (zls) | R.C.Libraries (zls) | 12/01/2015 | Aakar Books/1-642/11.08.2014/141/04.08.2014/03.09.2014 | 499.00 | 500 GIF | B-550520 | 2 | 499.00 | Children Books | |||
| Non-fiction | R.K.Puram-8 | R.K.Puram-8 | 12/01/2015 | Aakar Books/1-642/11.08.2014/141/04.08.2014/03.09.2014 | 499.00 | 500 GIF | B-550507 | 1 | 499.00 | Children Books | |||
| Non-fiction | Sarojini Nagar | Sarojini Nagar | 12/01/2015 | Aakar Books/1-642/11.08.2014/141/04.08.2014/03.09.2014 | 499.00 | 500 GIF | B-550506 | 1 | 499.00 | Children Books | |||
| Non-fiction | Sarojini Nagar | Sarojini Nagar | 12/01/2015 | Aakar Books/1-642/11.08.2014/141/04.08.2014/03.09.2014 | 499.00 | 500 GIF | B-550510 | 1 | 499.00 | Children Books | |||
| Non-fiction | Sarojini Nagar | Sarojini Nagar | 12/01/2015 | Aakar Books/1-642/11.08.2014/141/04.08.2014/03.09.2014 | 499.00 | 500 GIF | B-550519 | 2 | 499.00 | Children Books | |||
| Sarojini Nagar | Sarojini Nagar | 19/07/2023 | 500 GIF | Children Books | |||||||||
| Non-fiction | Shahdara Branch | Shahdara Branch | 12/01/2015 | Aakar Books/1-642/11.08.2014/141/04.08.2014/03.09.2014 | 499.00 | 500 GIF | B-550517 | 1 | 499.00 | Children Books | |||
| Written off | Non-fiction | Tri Nagar | Tri Nagar | 12/01/2015 | Aakar Books/1-642/11.08.2014/141/04.08.2014/03.09.2014 | 499.00 | 500 GIF | B-550502 | 1 | 499.00 | Children Books | ||
| Non-fiction | Vinoba Puri | Vinoba Puri | 12/01/2015 | Aakar Books/1-642/11.08.2014/141/04.08.2014/03.09.2014 | 499.00 | 500 GIF | B-550511 | 1 | 499.00 | Children Books | |||
| Non-fiction | Yojana Vihar | Yojana Vihar | 12/01/2015 | Aakar Books/1-642/11.08.2014/141/04.08.2014/03.09.2014 | 499.00 | 500 GIF | B-550518 | 1 | 499.00 | Children Books |
